São Jorge e o dragão (Registo nº 2307)

Detalhes MARC
000 -Etiqueta do registo
Cabeçalho 00952nam a22003251 4500
005 - Identificador da versão
Campo de controlo 20240813121930.0
095 ## -
-- PTBN00570493
010 ## - Número internacional normalizado dos livros (ISBN)
Número (ISBN) 9724111873
021 ## - Número do Depósito Legal
Código do país PT
Número 60619/92
100 ## - Dados gerais de processamento
Dados gerais de processamento 19950428d1994 cd y0pory5003 ba
102 ## - Pais de publicação ou produção
País de publicação Portugal
101 1# - Língua de publicação
Língua do texto, banda sonora, etc. Português
Língua do documento no original Espanhol
106 ## - Campo de dados codificados: material textual
Dados codificados do material textual r
105 ## - Campo de dados codificados: livros
Dados codificados dos livros a z 000ay
215 ## - Descrição física 
Indicação específica da natureza do documento e extensão da espécie [28] p.
Outras indicações físicas todo il.
Dimensões 22 cm
200 1# - Titulo e menção de responsabilidade
Título próprio São Jorge e o dragão
Informação de outro título lenda popular
Primeira menção de responsabilidade il. Horacio Elena
Outras menções de responsabilidade adapt. Isidro Sánchez
-- trad. Francisco Alba Linhares
225 2# - Colecção 
Título próprio da colecção Fábulas e lendas
Indicação de volume 4
205 ## - Menção da edição
Menção da edição 1ª ed
210 ## - Publicação, Distribuição, etc. 
Lugar da edição, distribuição, etc. Porto
Nome do editor, distribuidor, etc. Asa
Data da publicação, distribuição, etc. 1994
606 ## - Nome comum usado como assunto
Número de registo de entrada de autoridade 0000029
Palavra de ordem Literatura portuguesa infantil
Subdivisão de assunto Conto
Número de registo de entrada de autoridade 0000973
Palavra de ordem Lendas
675 ## - Classificação Decimal Universal (CDU)
Notação 821.134.3-34
Edição
Língua da edição por
702 #1 - Nome de autor-pessoa física (responsabilidade secundária)
Número de registo de entrada de autoridade 0001144
Palavra de ordem Linhares
Outra parte do nome não tomada para palavra de ordem Francisco Alba
Código de função Tradutor
701 #1 - Nome de autor-pessoa física (co-responsabilidade principal)
Palavra de ordem Sánchez
Outra parte do nome não tomada para palavra de ordem Isidro
700 #1 - Nome de autor-pessoa física (responsabilidade principal)
Número de registo de entrada de autoridade 0001142
Palavra de ordem Elena
Outra parte do nome não tomada para palavra de ordem Horácio
942 ## - Elementos de entrada adicionados (Koha)
Tipo de item no Koha Livro
Exemplares
Situação do levantamento Origin of item (home branch) (coded) Biblioteca de empréstimo Código de barras Cota Circulation type (not for loan) Tipo de documento Nota do exemplar Damaged status
  Biblioteca Escolar da Coca Maravilhas Biblioteca Escolar da Coca Maravilhas BECM2837/95 8EST ELE   Livro Sem mensagem